| 000 | 00612nam a2200253Ia 4500 | ||
|---|---|---|---|
| 003 | 0100 | ||
| 008 | 130307s9999 xx 000 0 und d | ||
| 020 | _a0534120903 | ||
| 040 | _cARRUPELIB | ||
| 050 | _aHF5387.D39 1990 | ||
| 100 | _aDesJardins, Joseph R | ||
| 245 | _aContemporary issues in business ethics | ||
| 250 | _a2nd ed. | ||
| 260 | _aBelmont, Calif. : | ||
| 260 | _bWadsworth | ||
| 260 | _cc1990. | ||
| 300 | _ax | ||
| 300 | _b485 p. 24 cm. | ||
| 650 | _bPhilosophy, Renaissance | ||
| 650 | _cRhetoric, Renaissance | ||
| 650 | _dHumanists | ||
| 700 | _aMcCall, John J | ||
| 942 | 0 | 0 | _05 |
| 999 |
_c99601 _d99601 |
||